| Tag |
First Indicator |
Second Indicator |
Subfields |
| LEADER |
00000cam a2200000 a 4500 |
| 001 |
in00000009199 |
| 005 |
20151007051510.0 |
| 008 |
820618s1981 bcca b 00110 eng |
| 010 |
|
|
|a 81196887
|
| 020 |
|
|
|a 0888390777 (pbk.) :
|c $3.95
|
| 035 |
|
|
|a (OCoLC)08629696
|
| 035 |
|
|
|9 AAA3275AM
|
| 040 |
|
|
|a DLC
|c DLC
|d m/c
|d TXA
|d UtOrBLW
|
| 043 |
|
|
|a n------
|
| 049 |
|
|
|a TXAM
|c [A12581792]
|
| 050 |
0 |
0 |
|a E98.M4
|b S7 1981
|
| 050 |
|
4 |
|a E98.M4
|b S7 1984
|
| 082 |
0 |
|
|a 581.6/34/097
|2 19
|
| 100 |
1 |
|
|a Stark, Raymond.
|
| 245 |
1 |
0 |
|a Guide to Indian herbs /
|c by Raymond Stark.
|
| 264 |
|
1 |
|a Vancouver, B.C. ;
|a Blaine Wash. :
|b Hancock House,
|c [1981]
|
| 264 |
|
3 |
|c 1984 printing
|
| 264 |
|
4 |
|c ©1981
|
| 300 |
|
|
|a 48 pages :
|b color illustrations ;
|c 22 cm.
|
| 336 |
|
|
|a text
|b txt
|2 rdacontent
|
| 337 |
|
|
|a unmediated
|b n
|2 rdamedia
|
| 338 |
|
|
|a volume
|b nc
|2 rdacarrier
|
| 504 |
|
|
|a Bibliography: page [47].
|
| 500 |
|
|
|a Includes index.
|
| 650 |
|
0 |
|a Indians of North America
|x Medicine.
|
| 650 |
|
0 |
|a Ethnobotany
|z North America.
|
| 650 |
|
0 |
|a Botany, Medical
|z North America.
|
| 650 |
|
0 |
|a Materia medica, Vegetable
|z North America.
|
| 650 |
|
0 |
|a Indians of North America
|x Ethnobotany.
|
| 999 |
|
|
|a MARS
|
| 999 |
f |
f |
|s c9645587-9e47-3028-aa95-dfca214a7ebd
|i 273a0dc2-da95-3a65-8ff6-38c19c31f2ea
|t 0
|
| 952 |
f |
f |
|p ric
|a Texas A&M University
|b Rellis Campus
|c Joint Library Facility
|d Remote Storage
|t 0
|e E98.M4 S7 1984
|h Library of Congress classification
|i unmediated -- volume
|m A14812581792
|
| 998 |
f |
f |
|a E98.M4 S7 1984
|t 0
|l Remote Storage
|